|
|
|
|
| LEADER |
00000nam a2200000 a 4500 |
| 005 |
20131217173948.0 |
| 007 |
cr|||| |||| |
| 008 |
131129s2013 sp b 000 0 spa c |
| 020 |
|
|
|a 9788494143526
|
| 035 |
|
|
|a 11701
|
| 040 |
|
|
|a vLex
|
| 080 |
|
|
|a 342.7(460)
|
| 090 |
|
|
|c 4626
|d 4626
|
| 100 |
1 |
|
|a Abad Castelos, Montserrat
|
| 245 |
1 |
4 |
|a Las Energa̕s renovables marinas y la riqueza potencias de los ocǎnos
|h [Recurso electrn̤ico] :
|b ¿un mar de dudas o un mar de oportunidades? /
|c Montserrat Abad Castelos
|
| 256 |
|
|
|a Servicio en ln̕ea
|
| 260 |
|
|
|a Barcelona :
|b JM Bosch,
|c 2013
|
| 300 |
|
|
|a 1 recurso electrn̤ico
|
| 504 |
|
|
|a Bibliografa̕: p. 221-248
|
| 506 |
1 |
|
|a Contenido solo disponible en los productos indicados
|d vLex Global
|d vLex Global (Academic Edition, excluding Law Schools)
|d vLex Global (U.S. Academic Edition, Law Schools)
|d vLex Global (U.S. Academic Edition, excluding Law Schools)
|d vLex Global (Academic Edition, Law Schools)
|
| 650 |
0 |
4 |
|a Energias renovables
|z Espaą
|
| 650 |
0 |
4 |
|a Energias renovables
|x Derecho y legislacin̤
|
| 740 |
0 |
|
|a vLex Libros (Servicio en ln̕ea)
|
| 856 |
4 |
0 |
|u http://vlex.com/source/las-energias-renovables-marinas-y-la-riqueza-potencial-los-oceanos-11701
|z Acceso restringido
|
| 942 |
|
|
|c BOOK
|
| 999 |
0 |
|
|a Renewable energy sources -- Law and legislation
|